[Event "Reykjavik Open 2025"]
[Site "Reykjavik"]
[Date "2025.04.12"]
[Round "5.91"]
[White "Alquist, Erik"]
[Black "Dauth, Benjamin"]
[Result "1-0"]
[WhiteElo "2024"]
[WhiteFideId "1707701"]
[BlackElo "2228"]
[BlackTitle "FM"]
[BlackFideId "4688104"]
[Variant "Standard"]
[StudyName "ROPen 2025 - Rd5 - Boards 45-108"]
1. e4 e5 2. Nf3 Nc6 3. Bc4 Nf6 4. d4 exd4 5. e5 d5 6. Bb5 Ne4 7. Nxd4 Bc5 8. Be3 O-O 9. Nxc6 bxc6 10. Bxc5 Nxc5 11. Bxc6 Ba6 12. Nc3 d4 13. Bxa8 Qxa8 14. Qxd4 Rd8 15. Qg4 Qb7 16. b3 h5 17. Qf3 Qb4 18. a3 Qd4 19. Rd1 Qxe5+ 20. Qe3 Rxd1+ 21. Kxd1 Qd6+ 22. Kc1 Ne6 23. Kb2 c5 24. g3 Bb7 25. Rd1 Qb8 26. f4 a5 27. Qe5 Qa8 28. f5 Ng5 29. Qe7 1-0

[Event "Reykjavik Open 2025"]
[Site "Reykjavik"]
[Date "2025.04.12"]
[Round "5.92"]
[White "Fodor, Balazs"]
[Black "Stranger, Morris"]
[Result "1/2-1/2"]
[WhiteElo "2206"]
[WhiteFideId "741850"]
[BlackElo "2018"]
[BlackFideId "426342"]
[Variant "Standard"]
[StudyName "ROPen 2025 - Rd5 - Boards 45-108"]
1. Nf3 d5 2. d4 Nf6 3. c4 c6 4. e3 e6 5. Nc3 Nbd7 6. Qc2 Bd6 7. Be2 O-O 8. O-O dxc4 9. Bxc4 b5 10. Be2 Bb7 11. b3 a6 12. Bb2 c5 13. Rfd1 Rc8 14. Qd2 Qe7 15. Rac1 Rfd8 16. Nb1 Nf8 17. Qe1 Ng6 18. Ne5 cxd4 19. Nxg6 hxg6 20. Bxd4 Bb8 21. g3 Rxc1 22. Rxc1 Qd6 23. f3 Nd7 24. Qa5 Nf6 25. Bxf6 gxf6 26. Rd1 Bd5 27. e4 Qc5+ 28. Kg2 Bc7 29. Qc3 Qxc3 30. Nxc3 Bb7 31. Rxd8+ Bxd8 32. a4 Ba5 33. Nd1 bxa4 34. bxa4 Kf8 35. h4 f5 36. Bd3 fxe4 37. Bxe4 Bc8 38. Ne3 Bb4 39. f4 Bd7 40. Bd3 a5 41. Bc2 Kg7 42. Nc4 Bc6+ 43. Kf2 f6 44. g4 Bd5 45. Bd3 Bc3 46. g5 f5 47. Ne5 Bd2 48. Kg3 Be1+ 49. Kh3 1/2-1/2

[Event "Reykjavik Open 2025"]
[Site "Reykjavik"]
[Date "2025.04.12"]
[Round "5.93"]
[White "Pererva, Viktor"]
[Black "Mathews, Hans-Christian"]
[Result "1-0"]
[WhiteElo "2017"]
[WhiteFideId "24696463"]
[BlackElo "2196"]
[BlackFideId "16241339"]
[Variant "Standard"]
[StudyName "ROPen 2025 - Rd5 - Boards 45-108"]
1. c4 e5 2. g3 Nf6 3. Bg2 Nc6 4. Nc3 d6 5. Nf3 Be7 6. d4 exd4 7. Nxd4 Bd7 8. Nc2 O-O 9. O-O Rb8 10. b3 Ne5 11. f4 Ng6 12. Bb2 Bc6 13. Nd5 Bxd5 14. cxd5 Qd7 15. Nd4 h5 16. h3 Rfc8 17. Rc1 Bf8 18. Qd3 Ne7 19. e4 c6 20. dxc6 bxc6 21. Nf3 Ne8 22. Rfd1 f6 23. Kh2 Rd8 24. h4 d5 25. Bh3 Qd6 26. e5 Qb4 27. exf6 gxf6 28. Ng5 1-0

[Event "Reykjavik Open 2025"]
[Site "Reykjavik"]
[Date "2025.04.12"]
[Round "5.94"]
[White "Bleuzen, Cedric"]
[Black "Pipiras, Filipa Fortuna"]
[Result "0-1"]
[WhiteElo "2003"]
[WhiteFideId "632368"]
[BlackElo "2195"]
[BlackFideId "1944894"]
[Variant "Standard"]
[StudyName "ROPen 2025 - Rd5 - Boards 45-108"]
1. d4 Nf6 2. Bg5 d5 3. Bxf6 gxf6 4. e3 c5 5. c3 e5 6. Nf3 Nc6 7. dxc5 Bxc5 8. Nbd2 Be6 9. Qa4 a6 10. Be2 h5 11. g3 b5 12. Qc2 Rc8 13. a4 Qb6 14. axb5 axb5 15. O-O Ke7 16. Nh4 e4 17. Nb3 Bd6 18. Qd2 f5 19. Nd4 Nxd4 20. Qxd4 Qxd4 21. cxd4 b4 22. Bd1 f4 23. exf4 Rc4 24. Bb3 Rxd4 25. Rfd1 Bc5 26. f5 Bd7 27. Bxd5 Bb5 28. Bb3 Bd3 29. Ng2 Rhd8 30. Ne3 R4d7 31. Ra5 Bd4 32. Nd5+ Kf8 33. Nxb4 Bxb2 34. Rd5 Rxd5 35. Bxd5 Bf6 36. f3 Be2 37. Rd2 exf3 38. Nc6 Rd6 39. Kf2 Bc4 40. Nb4 Bc3 41. Rc2 Bd4+ 42. Kxf3 Bxd5+ 43. Nxd5 Rxd5 44. Rd2 Rd8 45. h3 Bf6 46. Re2 Kg7 47. Re3 Rc8 48. Re4 Rc3+ 49. Kg2 Bd8 0-1

[Event "Reykjavik Open 2025"]
[Site "Reykjavik"]
[Date "2025.04.12"]
[Round "5.95"]
[White "Mannion, Stephen R"]
[Black "Tripathi, Pratyush"]
[Result "1/2-1/2"]
[WhiteElo "2180"]
[WhiteFideId "2400111"]
[BlackElo "2011"]
[BlackFideId "1763121"]
[Variant "Standard"]
[StudyName "ROPen 2025 - Rd5 - Boards 45-108"]
1. e4 c6 2. d4 d5 3. e5 Bf5 4. h4 h5 5. Bd3 Bxd3 6. Qxd3 Qa5+ 7. Nd2 e6 8. Nf3 Nh6 9. O-O Nf5 10. Nb3 Qa6 11. Qd1 b6 12. a4 Be7 13. Bg5 Bxg5 14. hxg5 g6 15. a5 Nd7 16. axb6 Qxb6 17. Ra5 O-O 18. Qe2 Rfc8 19. Rfa1 Rc7 20. R1a3 Qb8 21. Ra2 Qb6 22. Kf1 Rac8 23. Ra6 Qb8 24. Nc5 Nxc5 25. dxc5 Qb4 26. R6a5 Qf4 27. g3 Qb4 28. c3 Qb8 29. Nd4 Nxd4 30. cxd4 Rb7 31. Kg2 Rcc7 32. Ra6 Rb4 33. Qd2 Rbb7 34. R6a4 Rb5 35. Ra6 Rbb7 36. R6a4 Rb5 1/2-1/2

[Event "Reykjavik Open 2025"]
[Site "Reykjavik"]
[Date "2025.04.12"]
[Round "5.96"]
[White "Kristinsson, Ogmundur"]
[Black "Ornolfsson, Magnus P."]
[Result "0-1"]
[WhiteElo "2000"]
[WhiteFideId "2304724"]
[BlackElo "2174"]
[BlackFideId "2301016"]
[Variant "Standard"]
[StudyName "ROPen 2025 - Rd5 - Boards 45-108"]
1. c4 Nf6 2. Nc3 e5 3. g3 Nc6 4. Bg2 Bc5 5. e3 d6 6. Na4 Bb6 7. Nxb6 axb6 8. d4 O-O 9. Ne2 Bg4 10. f3 Bh5 11. O-O exd4 12. Nxd4 d5 13. cxd5 Qxd5 14. Nxc6 Qxc6 15. Qb3 Rfd8 16. e4 Nd7 17. Bg5 Nc5 18. Qc2 f6 19. Be3 Bf7 20. f4 Nd3 21. Qxc6 bxc6 22. e5 Bd5 23. exf6 gxf6 24. b3 Nb4 25. Rf2 Bxg2 26. Kxg2 Rd3 27. Bd2 Rxa2 28. Rxa2 Nxa2 29. Be1 Nc3 30. Rc2 Nd5 31. Rxc6 Rxb3 32. Bf2 Kf7 33. f5 Rc3 34. Re6 Rc4 35. Kf3 h5 36. h3 Ne7 37. g4 hxg4+ 38. hxg4 Nc6 39. g5 fxg5 40. Rh6 Ne5+ 41. Kg3 Rc3+ 42. Kg2 Rc2 43. Rh7+ Kf6 44. Kf1 Kxf5 45. Bg3 c5 46. Re7 Nc4 47. Bc7 b5 48. Rf7+ Ke6 49. Rg7 b4 50. Bd8 b3 51. Rg6+ Kd7 52. Bf6 b2 53. Bxb2 Nxb2 54. Rxg5 Kc6 55. Ke1 Kb5 56. Rg8 Kb4 57. Rh8 c4 58. Ra8 Rh2 59. Ra7 c3 0-1

[Event "Reykjavik Open 2025"]
[Site "Reykjavik"]
[Date "2025.04.12"]
[Round "5.97"]
[White "Harish, Neeraj"]
[Black "Thorsteinsdottir, Hallgerdur"]
[Result "1-0"]
[WhiteElo "2169"]
[WhiteFideId "30958130"]
[BlackElo "2003"]
[BlackFideId "2302454"]
[Variant "Standard"]
[StudyName "ROPen 2025 - Rd5 - Boards 45-108"]
1. e4 c6 2. d4 d5 3. exd5 cxd5 4. c4 Nf6 5. Nc3 Nc6 6. Nf3 Bg4 7. Be3 e6 8. c5 Be7 9. Bb5 O-O 10. h3 Bh5 11. O-O Ne4 12. g4 Nxc3 13. bxc3 Bg6 14. Bxc6 bxc6 15. Ne5 Qc7 16. Bf4 Qb7 17. Qa4 Rfc8 18. Nxg6 hxg6 19. Rab1 Qd7 20. Qa6 g5 21. Bg3 Re8 22. Rb7 Qc8 23. Rfb1 e5 24. Qa4 Bf6 25. Kh2 g6 26. Qd1 Kg7 27. Qf3 exd4 28. cxd4 Re4 29. Rc7 Qe8 30. Rbb7 Re7 31. Rxe7 Bxe7 32. Be5+ Kg8 33. a4 a5 34. Kg2 Rc8 35. Qe3 Ra8 36. h4 gxh4 37. Qh6 f6 38. Bd6 h3+ 39. Kxh3 Qf8 40. Qxg6+ 1-0

[Event "Reykjavik Open 2025"]
[Site "Reykjavik"]
[Date "2025.04.12"]
[Round "5.98"]
[White "Villiers, Thomas"]
[Black "Grigoriev, Dmitriy"]
[Result "1/2-1/2"]
[WhiteElo "2154"]
[WhiteFideId "427209"]
[BlackElo "1997"]
[BlackFideId "34181676"]
[Variant "Standard"]
[StudyName "ROPen 2025 - Rd5 - Boards 45-108"]
1. d4 Nf6 2. c4 g6 3. Nf3 Bg7 4. Nc3 d5 5. Qa4+ c6 6. Bf4 O-O 7. e3 Nbd7 8. cxd5 Nb6 9. Qb3 Nfxd5 10. Be5 Be6 11. Bxg7 Kxg7 12. Ng5 Nc7 13. Nxe6+ Nxe6 14. Be2 Qd6 15. O-O Nc7 16. Rfd1 e5 17. d5 cxd5 18. Nxd5 Ncxd5 19. Bf3 Rfd8 20. Bxd5 Nxd5 21. e4 Qb4 22. exd5 Qxb3 23. axb3 Rac8 24. f4 a6 25. fxe5 Rc5 26. e6 Rcxd5 27. e7 Rxd1+ 28. Rxd1 Re8 29. Rd7 Kf6 30. Rxb7 Rxe7 31. Rb4 Re1+ 32. Kf2 Rb1 33. g4 Rxb2+ 34. Kg3 h6 1/2-1/2

[Event "Reykjavik Open 2025"]
[Site "Reykjavik"]
[Date "2025.04.12"]
[Round "5.99"]
[White "Termeulen, Albert"]
[Black "Alrehaili, Ahmed Abdullah S"]
[Result "0-1"]
[WhiteElo "1999"]
[WhiteFideId "1002686"]
[BlackElo "2152"]
[BlackFideId "21518840"]
[Variant "Standard"]
[StudyName "ROPen 2025 - Rd5 - Boards 45-108"]
1. e4 e5 2. Nf3 Nc6 3. c3 Nf6 4. d4 Nxe4 5. d5 Nb8 6. Nxe5 Be7 7. Qg4 Nd6 8. Bd3 O-O 9. O-O Ne8 10. Nf3 d6 11. Qc4 Nd7 12. Nbd2 Nef6 13. Ne4 Re8 14. Bf4 Nb6 15. Nxf6+ Bxf6 16. Qb3 Bg4 17. Nd4 Bxd4 18. cxd4 Qf6 19. Be3 Bf5 20. Bb5 Re7 21. a4 Be4 22. Rfc1 Qg6 23. Bf1 Nxd5 24. Bd2 c6 25. a5 a6 26. Qc4 Rae8 27. Ra3 Qf6 28. Rg3 h6 29. Qa4 Nf4 30. Qa3 Nd5 31. Bc4 Qxd4 32. Bxh6 Bg6 33. Bg5 Qxc4 34. Rxc4 Re1# 0-1

[Event "Reykjavik Open 2025"]
[Site "Reykjavik"]
[Date "2025.04.12"]
[Round "5.100"]
[White "Raghu, Ram Reddy Seelam"]
[Black "Pattnayak, Nilsu"]
[Result "0-1"]
[WhiteElo "1984"]
[WhiteFideId "25697331"]
[BlackElo "2146"]
[BlackFideId "35043943"]
[Variant "Standard"]
[StudyName "ROPen 2025 - Rd5 - Boards 45-108"]
1. e4 d6 2. d4 Nf6 3. Nc3 e5 4. dxe5 dxe5 5. Qxd8+ Kxd8 6. Nf3 Bd6 7. h3 c6 8. Be3 Ke7 9. Bd3 Be6 10. Ng5 Nbd7 11. Nxe6 fxe6 12. O-O-O Bc5 13. Rhe1 b5 14. Nb1 Rhd8 15. Nd2 Bxe3 16. Rxe3 Nf8 17. Be2 a6 18. Rd3 Rxd3 19. Bxd3 c5 20. b3 Ne8 21. c3 Nd6 22. f3 Ng6 23. g3 Kd7 24. Nf1 Kc6 25. Ne3 Rf8 26. Rf1 Kc7 27. Kd2 Ne8 28. Ke2 Nf6 29. Rd1 Ne8 30. Re1 Nd6 31. Ra1 Ne7 32. a4 Nc6 33. Rb1 Kb6 34. axb5 axb5 35. Nc2 Ra8 36. Kd2 Ra2 37. Kc1 b4 38. cxb4 Nxb4 39. Nxb4 cxb4 40. Rb2 Rxb2 41. Kxb2 Kc5 42. Kc2 Kd4 43. Kd2 Nb7 44. Bc2 g5 45. Bd1 Nc5 46. Bc2 Nd7 47. Bd3 Nf6 48. g4 Nd7 49. Bb1 Nf8 50. Bd3 Ng6 51. Bf1 Nf4 52. Bc4 Nxh3 53. Bxe6 Ng1 54. Bf5 h6 55. Bg6 Nxf3+ 56. Ke2 Nh4 57. Bf5 Kc3 58. Be6 Ng2 59. Bc4 Nf4+ 60. Ke3 Ng6 61. Be6 Ne7 62. Bd5 Nc8 63. Bf7 Nd6 0-1

[Event "Reykjavik Open 2025"]
[Site "Reykjavik"]
[Date "2025.04.12"]
[Round "5.101"]
[White "Ptacnikova, Lenka"]
[Black "Bathula, Abhinav Reddy"]
[Result "1-0"]
[WhiteElo "2142"]
[WhiteFideId "305650"]
[BlackElo "1979"]
[BlackFideId "35005693"]
[Variant "Standard"]
[StudyName "ROPen 2025 - Rd5 - Boards 45-108"]
1. Nf3 Nf6 2. c4 g6 3. d4 Bg7 4. g3 O-O 5. Bg2 d6 6. Nc3 Nc6 7. O-O a6 8. b3 Rb8 9. d5 Na5 10. Bg5 c5 11. dxc6 Nxc6 12. Rc1 h6 13. Bd2 e5 14. Ne1 Be6 15. Nd5 Nd7 16. Nc2 f5 17. e4 Nc5 18. exf5 gxf5 19. Be3 Bf7 20. Ndb4 e4 21. Qd2 Qf6 22. Nd5 Bxd5 23. Qxd5+ Kh8 24. Bxc5 dxc5 25. Qxc5 Ne5 26. Nb4 Rbc8 27. Qe3 h5 28. Nd5 Bh6 29. Nxf6 Bxe3 30. fxe3 Rxf6 31. Bxe4 Rd8 32. Bxb7 Rd3 33. c5 Rd7 34. c6 Rc7 35. Rc5 Nxc6 36. Bxa6 Ra7 37. Bb5 Ne7 38. a4 h4 39. e4 hxg3 40. exf5 gxh2+ 41. Kxh2 Ng8 42. Rf3 Nh6 43. Rc8+ Kh7 44. Rc6 Ng4+ 45. Kg2 Rxc6 46. Bxc6 Ne5 47. Rh3+ Kg7 48. Be4 Kf6 49. Kf2 Nf7 50. Rc3 Nd6 51. Bc2 Rh7 52. b4 Rh4 53. b5 Ne4+ 54. Bxe4 Rxe4 55. a5 Kxf5 56. a6 Ra4 57. Rb3 1-0

[Event "Reykjavik Open 2025"]
[Site "Reykjavik"]
[Date "2025.04.12"]
[Round "5.103"]
[White "Elier, Ali"]
[Black "Deepak Ambattu, Rithvik"]
[Result "1-0"]
[WhiteElo "2125"]
[WhiteFideId "16217543"]
[BlackElo "1971"]
[BlackFideId "2410060"]
[Variant "Standard"]
[StudyName "ROPen 2025 - Rd5 - Boards 45-108"]
1. e4 c5 2. c3 d5 3. exd5 Qxd5 4. Nf3 g6 5. Na3 Bg7 6. Bc4 Qd8 7. O-O Nf6 8. Qa4+ Kf8 9. d4 cxd4 10. Nxd4 Qe8 11. Nab5 a6 12. Qa3 Qd8 13. Bf4 Ne8 14. Rad1 Bd7 15. Rfe1 Bf6 16. Bh6+ Bg7 17. Bxg7+ Kxg7 18. Rxe7 axb5 19. Rxf7+ Kh6 20. Qxa8 bxc4 21. Ne6 Qb6 22. Qxb8 Bxe6 23. Qf4+ Kh5 24. Rd5+ Bxd5 25. g4+ Kh4 26. Qh6+ Kxg4 27. h3# 1-0

[Event "Reykjavik Open 2025"]
[Site "Reykjavik"]
[Date "2025.04.12"]
[Round "5.104"]
[White "Bozilov, Dragan"]
[Black "Hartung, Thomas"]
[Result "1/2-1/2"]
[WhiteElo "1981"]
[WhiteFideId "906620"]
[BlackElo "2118"]
[BlackFideId "24668273"]
[Variant "Standard"]
[StudyName "ROPen 2025 - Rd5 - Boards 45-108"]
1. Nf3 d5 2. g3 e6 3. Bg2 Nd7 4. d4 Bd6 5. O-O f5 6. c4 c6 7. b3 Ngf6 8. Nbd2 O-O 9. Bb2 Ne4 10. e3 Qf6 11. Qc2 Qh6 12. c5 Bc7 13. b4 Ndf6 14. Qd3 g5 15. Ne5 Bd7 16. f3 Nxd2 17. Qxd2 Bc8 18. a4 f4 19. exf4 gxf4 20. Bc1 Bxe5 21. dxe5 Nd7 22. Qd4 Qg7 1/2-1/2

[Event "Reykjavik Open 2025"]
[Site "Reykjavik"]
[Date "2025.04.12"]
[Round "5.105"]
[White "Ponnio, Toni"]
[Black "Boleslav, Petr"]
[Result "0-1"]
[WhiteElo "2103"]
[WhiteFideId "509604"]
[BlackElo "1970"]
[BlackFideId "320005"]
[Variant "Standard"]
[StudyName "ROPen 2025 - Rd5 - Boards 45-108"]
1. d4 Nf6 2. c4 d6 3. Nf3 g6 4. g3 Bg7 5. Bg2 O-O 6. O-O Nc6 7. Nc3 Bg4 8. d5 Na5 9. b3 c5 10. Bb2 a6 11. h3 Bd7 12. Nd2 b5 13. Qc1 Rb8 14. Nd1 bxc4 15. bxc4 Bh6 16. e3 e6 17. f4 exd5 18. cxd5 Bg7 19. Re1 Re8 20. Bc3 Bf5 21. Nf2 Rb7 22. Qa3 Rb5 23. e4 Bc8 24. Rab1 Nh5 25. Bxg7 Kxg7 26. Bf1 c4 27. Bxc4 Rc5 28. Be2 Nf6 29. Bf3 Rc2 30. Red1 Re7 31. Kg2 Rb7 32. Rbc1 Rbb2 33. Rxc2 Rxc2 34. Qd3 Qc7 35. e5 Ne8 36. Qd4 Kg8 37. Nfe4 Nc4 38. exd6 Ncxd6 39. Qe5 Rxa2 40. g4 Bd7 41. Kg3 Ba4 42. Re1 Qb6 43. Ra1 Rxa1 44. Qxa1 Bc2 45. Nxd6 Nxd6 46. Qc3 Qg1+ 47. Bg2 Be4 48. Nf3 Bxf3 49. Kxf3 Qb6 50. Qc6 Qb3+ 51. Kf2 Qa3 52. Qc7 Kf8 53. Qd8+ Kg7 54. g5 Qb2+ 55. Kg3 Nf5+ 56. Kh2 Ne3 0-1

[Event "Reykjavik Open 2025"]
[Site "Reykjavik"]
[Date "2025.04.12"]
[Round "5.106"]
[White "Heidarsson, Mikael Bjarki"]
[Black "Beisteiner, Joachim"]
[Result "0-1"]
[WhiteElo "1973"]
[WhiteFideId "2317532"]
[BlackElo "2097"]
[BlackFideId "1682296"]
[Variant "Standard"]
[StudyName "ROPen 2025 - Rd5 - Boards 45-108"]
1. d4 d5 2. c4 c6 3. cxd5 cxd5 4. Bf4 Nc6 5. Nc3 Nf6 6. Nf3 e6 7. e3 Be7 8. h3 O-O 9. Rc1 Bd7 10. Bd3 a6 11. O-O b5 12. Ne5 Be8 13. Nxc6 Bxc6 14. Na4 Rc8 15. Nc5 a5 16. a3 Nd7 17. Qg4 Nxc5 18. dxc5 Bf6 19. b4 e5 20. Bg3 Re8 21. Qe2 axb4 22. axb4 Qd7 23. Rfd1 Qb7 24. Qe1 Ra8 25. Bf1 e4 26. Rb1 Ra2 27. Rb3 Rea8 28. Rdb1 h5 29. Qd1 h4 30. Bd6 Qd7 31. Be2 Qf5 32. Bf4 d4 33. Bg4 Qd5 34. exd4 Bxd4 35. Be3 Bf6 36. Rc1 Bb2 37. Rb1 Be5 38. Rc1 Bb2 39. Qxd5 Bxd5 40. Rxb2 Rxb2 41. c6 Be6 42. Bxe6 fxe6 43. c7 Rc8 44. Bb6 Rd2 45. Kf1 Kf7 46. Ke1 Rd6 47. Ba5 Kf6 48. Ke2 Ke5 49. Rc5+ Rd5 50. Rc6 g5 51. Ra6 Rd7 52. Ra7 Kf4 53. Bb6 Rd6 54. Be3+ Kf5 55. Rb7 e5 56. Bb6 Rc6 57. Ba5 Rc2+ 58. Ke3 Rc3+ 59. Kd2 Rc6 60. Rxb5 R8xc7 61. Bxc7 Rxc7 62. Rb8 Ra7 63. Rf8+ Ke6 64. Rb8 Ra2+ 65. Ke3 Rb2 66. b5 Kd5 67. Rd8+ Ke6 68. Rg8 Rxb5 69. Rxg5 Kd5 70. f4 exf3 71. Kxf3 Rb4 72. Ke2 Kd4 73. Rg8 Rb2+ 74. Kd1 e4 75. g4 Rh2 76. g5 Rxh3 77. g6 Ke3 78. Rh8 Rh1+ 79. Kc2 Rg1 80. Rxh4 Rxg6 81. Rh3+ Kf2 82. Rh2+ Rg2 83. Rh8 Ke1+ 84. Kc1 e3 85. Rf8 e2 86. Kc2 Rg5 87. Rf7 Rc5+ 88. Kb3 Kd2 89. Rd7+ Ke3 90. Re7+ Kd3 91. Rd7+ Ke4 0-1

[Event "Reykjavik Open 2025"]
[Site "Reykjavik"]
[Date "2025.04.12"]
[Round "5.107"]
[White "Doran, Chris"]
[Black "Kiss, Inez"]
[Result "1-0"]
[WhiteElo "1957"]
[WhiteFideId "503835"]
[BlackElo "1812"]
[BlackFideId "17004306"]
[Variant "Standard"]
[StudyName "ROPen 2025 - Rd5 - Boards 45-108"]
1. e4 c6 2. d4 d5 3. e5 c5 4. dxc5 e6 5. Bd3 Bxc5 6. Qg4 Ne7 7. Nf3 Nbc6 8. O-O Ng6 9. Nc3 a6 10. h4 Qc7 11. Re1 h5 12. Qg3 Nce7 13. Bg5 Rg8 14. Bxe7 Nxe7 15. Bh7 Nf5 16. Bxf5 exf5 17. Nxd5 Qc6 18. Nf6+ Kf8 19. Nxg8 Kxg8 20. Qg5 Qb6 21. Rf1 g6 22. Qf6 Qxb2 23. Ng5 Bxf2+ 24. Kh1 Be6 25. Nxe6 fxe6 26. Qxg6+ Kf8 27. Qf6+ Kg8 28. Qxe6+ Kh8 29. Qh6+ Kg8 30. Qg6+ Kh8 31. Qxh5+ Kg7 32. Qg5+ Kh8 33. Qf6+ Kg8 34. Qg6+ Kh8 35. Qxf5 1-0

[Event "Reykjavik Open 2025"]
[Site "Reykjavik"]
[Date "2025.04.12"]
[Round "5.108"]
[White "Gudmundsson, Steinn"]
[Black "Juodziukynas, Aidas"]
[Result "1/2-1/2"]
[WhiteElo "1816"]
[WhiteFideId "2329808"]
[BlackElo "1956"]
[BlackFideId "1562398"]
[Variant "Standard"]
[StudyName "ROPen 2025 - Rd5 - Boards 45-108"]
1. e4 c5 2. Nf3 d6 3. d4 cxd4 4. Nxd4 Nf6 5. Nc3 Nc6 6. Bc4 e6 7. Be3 Be7 8. O-O O-O 9. Qe2 a6 10. a4 e5 11. Nxc6 bxc6 12. a5 d5 13. Bb6 Qd6 14. exd5 cxd5 15. Bb3 Bb7 16. Rad1 d4 17. f3 Bd8 18. Na4 Rc8 19. Rfe1 Re8 20. c3 Bxb6 21. Nxb6 Rc7 22. cxd4 e4 23. fxe4 Rxe4 24. Qd2 Rg4 25. d5 h5 26. h3 Rg6 27. Qe3 Rg3 28. Qe5 Qxe5 29. Rxe5 Rxb3 30. d6 Rc2 31. Nd5 Rbxb2 32. Nxf6+ gxf6 33. d7 Rxg2+ 34. Kf1 Rh2 35. d8=Q+ Kg7 36. Rg5+ fxg5 37. Qxg5+ Kh7 38. Qxh5+ Kg7 39. Qg5+ Kh7 1/2-1/2

[Event "Reykjavik Open 2025"]
[Site "Reykjavik"]
[Date "2025.04.12"]
[Round "5.109"]
[White "Arndt, Uwe"]
[Black "Hald, Morten Hansen"]
[Result "1-0"]
[WhiteElo "1956"]
[WhiteFideId "24647713"]
[BlackElo "1797"]
[BlackFideId "1437615"]
[Variant "Standard"]
[StudyName "ROpen 2025 - Rd5 - Boards 109-172"]
1. d4 d5 2. Nf3 Nf6 3. g3 c5 4. e3 Nc6 5. Bg2 e6 6. O-O Be7 7. b3 b5 8. dxc5 Bxc5 9. a4 b4 10. Bb2 O-O 11. Nbd2 Qc7 12. c4 bxc3 13. Bxc3 Ba6 14. Re1 Rad8 15. Qc2 Be7 16. Bxf6 Bxf6 17. Rac1 Rc8 18. b4 Qe7 19. b5 Nb4 20. Qb3 Bb7 21. Nd4 a5 22. Qb1 Bxd4 23. exd4 Qf6 24. Nb3 Qd8 25. Rc5 Qb6 26. Rec1 g6 27. f4 Kg7 28. h3 f6 29. Re1 Rce8 30. Kh2 Re7 31. Re3 Rc8 32. Qc1 Na2 33. Qd2 Nb4 34. Rxc8 Bxc8 35. Qc3 Rc7 36. Nc5 Kf7 37. Re2 Qd6 38. Qe3 e5 39. fxe5 fxe5 40. Qxe5 Qxe5 41. Rxe5 Kf6 42. Re2 Bf5 43. g4 Bc2 44. b6 Rc8 45. b7 Rd8 46. b8=Q 1-0

[Event "Reykjavik Open 2025"]
[Site "Reykjavik"]
[Date "2025.04.12"]
[Round "5.110"]
[White "Haraldsson, Haraldur"]
[Black "Agustsson, Hafsteinn"]
[Result "1-0"]
[WhiteElo "1954"]
[WhiteFideId "2311100"]
[BlackElo "1784"]
[BlackFideId "2302047"]
[Variant "Standard"]
[StudyName "ROpen 2025 - Rd5 - Boards 109-172"]
1. e4 c5 2. Nc3 Nc6 3. f4 g6 4. Nf3 Bg7 5. Bb5 e6 6. O-O Nge7 7. Bxc6 bxc6 8. d3 Ba6 9. Kh1 Rb8 10. e5 c4 11. Ne4 Nf5 12. g4 d5 13. Nc5 Rb5 14. Nxa6 Nh6 15. d4 Nxg4 16. Nc5 Bf8 17. Na4 Ra5 18. b3 c5 19. dxc5 Bxc5 20. Nxc5 Rxc5 21. Qd4 Qc7 22. Ba3 Rc6 23. Bd6 Qb6 24. b4 Kd7 25. Bc5 Qb7 26. a4 Rhc8 27. Ng5 Nh6 28. Kg1 a6 29. Rad1 Ke8 30. Nxh7 1-0

[Event "Reykjavik Open 2025"]
[Site "Reykjavik"]
[Date "2025.04.12"]
[Round "5.111"]
[White "Gayon, Benoit"]
[Black "Buijs, Gerard"]
[Result "1-0"]
[WhiteElo "1953"]
[WhiteFideId "632040"]
[BlackElo "1774"]
[BlackFideId "40111229"]
[Variant "Standard"]
[StudyName "ROpen 2025 - Rd5 - Boards 109-172"]
1. e4 c5 2. Nf3 d6 3. d4 cxd4 4. Nxd4 Nf6 5. Nc3 a6 6. Be2 e5 7. Nf3 Be7 8. O-O O-O 9. Re1 Be6 10. b3 Nbd7 11. Bb2 Rc8 12. Bf1 b5 13. Rc1 Ne8 14. Nd5 f5 15. c4 fxe4 16. Nxe7+ Qxe7 17. Rxe4 Nc5 18. Re3 Nc7 19. Ba3 Bg4 20. Be2 Rcd8 21. Qe1 Rf4 22. Bxc5 Bxf3 23. Bxf3 dxc5 24. Rxe5 Qf8 25. cxb5 Rxf3 26. gxf3 Qxf3 27. Qe3 Qg4+ 28. Qg3 Rd1+ 29. Rxd1 Qxd1+ 30. Kg2 axb5 31. Rxc5 Ne6 32. Rc8+ Nf8 33. Qf3 Qd6 34. Qxf8+ Qxf8 35. Rxf8+ Kxf8 36. a4 bxa4 37. bxa4 Ke7 38. Kf3 Kd6 39. Ke4 Kc5 40. Ke5 Kb4 41. Ke6 Kxa4 42. h4 Kb4 43. Kf7 Kc5 44. Kxg7 Kd6 45. Kxh7 1-0

[Event "Reykjavik Open 2025"]
[Site "Reykjavik"]
[Date "2025.04.12"]
[Round "5.112"]
[White "Sigurdsson, Smari"]
[Black "Skjoldager, Nicklas"]
[Result "1/2-1/2"]
[WhiteElo "1807"]
[WhiteFideId "2304210"]
[BlackElo "1953"]
[BlackFideId "1408720"]
[Variant "Standard"]
[StudyName "ROpen 2025 - Rd5 - Boards 109-172"]
1. e4 d5 2. exd5 Qxd5 3. d4 Nf6 4. Nf3 Bg4 5. Be2 e6 6. O-O c6 7. c4 Qa5 8. Nc3 Bd6 9. h3 Bh5 10. Ne5 Bxe5 11. Bxh5 Bd6 12. Bf3 O-O 13. Ne4 Nxe4 14. Bxe4 Nd7 15. Bd2 Qc7 16. Bc3 Nf6 17. Bc2 Be7 18. Qf3 b5 19. c5 a5 20. Bd2 Nd5 21. Be4 Rfd8 22. Be3 1/2-1/2

[Event "Reykjavik Open 2025"]
[Site "Reykjavik"]
[Date "2025.04.12"]
[Round "5.113"]
[White "Heppert, Lars"]
[Black "Karlinder, Lovis Neo"]
[Result "1/2-1/2"]
[WhiteElo "1949"]
[WhiteFideId "24668575"]
[BlackElo "1755"]
[BlackFideId "34664785"]
[Variant "Standard"]
[StudyName "ROpen 2025 - Rd5 - Boards 109-172"]
1. c4 c6 2. Nf3 d5 3. e3 Nf6 4. Nc3 e6 5. b3 Nbd7 6. Bb2 e5 7. cxd5 cxd5 8. Qc2 a6 9. Be2 Bd6 10. O-O-O O-O 11. h4 Re8 12. g4 Nxg4 13. Ng5 Nf8 14. Bxg4 Bxg4 15. Rdg1 Bh5 16. Qf5 Bg6 17. Qg4 Qc8 18. h5 Qxg4 19. Rxg4 Bf5 20. Rg3 h6 21. e4 Bd7 22. Nf3 d4 23. Nd5 Kh7 24. Nh4 Ne6 25. Nf5 Bf8 26. Rhg1 Rac8+ 27. Kb1 Bc6 28. Nxh6 Bxd5 29. exd5 gxh6 30. dxe6 Rxe6 31. Rf3 Rc7 32. d3 b5 33. Rf5 b4 34. Re1 Bg7 35. Re4 a5 36. f4 f6 37. Bxd4 Rd7 1/2-1/2